Pays en P - Statistiques

Statistiques générales
  • Ce quiz a été pris 117 fois
  • Le résultat moyen est 8 sur 11
Statistiques - réponses
Hint Réponse % Correct
Il se situe en Europe Pologne
91%
Il se situe en Amérique du sud Perou
90%
Il se situe en Europe Portugal
89%
Il se situe en Asie Pakistan
88%
Il se situe en Amérique du sud Paraguay
85%
Il se situe en Amérique du nord Panama
76%
Il se situe en Océanie Palaos
75%
Il se situe en Asie Philippines
75%
Il se situe en Océanie Papouasie-Nouvelle-Guinée
67%
Il se situe en Europe Pays bas
66%
Il se situe en Asie Palestine
31%
Aucun quiz correspondant
Distribution des résultats
% des personnes avec chaque résultat
Percentile par nombre de réponses
Votre historique - résultats
Vous n’avez pas pris ce quiz